PRINCIPLES & PRACTICE OF SURGERY (Record no. 9035)

MARC details
000 -LEADER
fixed length control field 00347nam a22001577a 4500
003 - CONTROL NUMBER IDENTIFIER
control field SGT
020 ## - INTERNATIONAL STANDARD BOOK NUMBER
International Standard Book Number 978-0-7020-4945-3
082 ## - DEWEY DECIMAL CLASSIFICATION NUMBER
Classification number 617, P13G
100 ## - MAIN ENTRY--PERSONAL NAME
Personal name GARDEN, O. JAMES
245 ## - TITLE STATEMENT
Title PRINCIPLES & PRACTICE OF SURGERY
250 ## - EDITION STATEMENT
Edition statement 6TH
260 ## - PUBLICATION, DISTRIBUTION, ETC. (IMPRINT)
Place of publication, distribution, etc EDINBURGH
Name of publisher, distributor, etc ELSEVIER
Year of Publication 2013
300 ## - PAGE DESCRIPTION
No. of Pages 569
650 ## - SUBJECT ADDED ENTRY--TOPICAL TERM
Topical term or geographic name as entry element SURGERY
942 ## - ADDED ENTRY ELEMENTS (KOHA)
Source of classification or shelving scheme Dewey Decimal Classification
Koha item type Books
942 ## - ADDED ENTRY ELEMENTS (KOHA)
-- 1
Holdings
Withdrawn status Lost status Source of classification or shelving scheme Damaged status Not for loan Collection code Home library Current library Shelving location Date acquired Vendor Name Cost, normal purchase price SGTU Bill Number Total Checkouts Full call number Accession No. (Barcode) Date last seen Date last borrowed Bill Date Koha item type
    Dewey Decimal Classification     MEDICAL SGT Medical Library SGT Medical Library Reference Book 15/06/2016 AHUJA BOOK COMPANY 1676.00 SGTU 5978 2 617, P13G FM7545 01/12/2025 17/11/2025 14/08/2015 Books